| 000 | 00839nam a2200229 i 4500 | ||
|---|---|---|---|
| 001 | 177535 | ||
| 003 | ES-MaACL | ||
| 005 | 20250717142009.0 | ||
| 007 | t| | ||
| 008 | 110331s1973 sp r ||||1| spa d | ||
| 020 | _a84-312-0167-3 | ||
| 080 | _a94(460)"1936/1939"(093.3) | ||
| 100 | 1 |
_aGuzmán, Eduardo de, _d1908-1991 _961283 |
|
| 245 | 1 | 3 |
_aLa muerte de la esperanza / _cEduardo de Guzmán. |
| 260 |
_aMadrid : _bG. del Toro, _cD. L. 1973. |
||
| 300 |
_a394 p. ; _c21 cm. |
||
| 490 | 1 |
_aMemorias de la guerra civil española 1936-39 ; _v3 |
|
| 651 | 4 |
_aEspaña- _xHistoria- _y1936-1939, Guerra civil- _vRelatos personales. _98326 |
|
| 830 | 0 | 0 |
_aMemorias de la guerra civil española 1936-39 _v3 _9181851 |
| 852 |
_aES-MaACL _jE-14748 _xOlim P-1031 _z.- Dedicatoria y firma autógrafa del autor |
||
| 999 |
_c177535 _d177535 |
||